书目信息 |
| 题名: |
物联网与北斗应用
|
|
| 作者: | 王博 , 刘向升 , 张存杰 编著 | |
| 分册: | ||
| 出版信息: | 北京 电子工业出版社 2020.04 |
|
| 页数: | XV, 268页 | |
| 开本: | 24cm | |
| 丛书名: | ||
| 单 册: | ||
| 中图分类: | TP393.409 , TP18 | |
| 科图分类: | ||
| 主题词: | 互联网络--hu lian wang lao--应用 , 智能技术--zhi neng ji shu--应用 , 卫星导航--wei xing dao hang--全球定位系统 | |
| 电子资源: | ||
| ISBN: | 978-7-121-38547-6 | |
| 000 | 01433nam0 2200325 450 | |
| 001 | 011025153804 | |
| 005 | 20221025153804.0 | |
| 010 | @a978-7-121-38547-6@dCNY99.00 | |
| 099 | @aCAL 012020402625 | |
| 100 | @a20201004e20222020em y0chiy50 ea | |
| 101 | 0 | @achi |
| 102 | @aCN@b110000 | |
| 105 | @aak z 000yy | |
| 106 | @ar | |
| 200 | 1 | @a物联网与北斗应用@Awu lian wang yu bei dou ying yong@f王博, 刘向升, 张存杰编著 |
| 210 | @a北京@c电子工业出版社@d2020.04@h2022.06 | |
| 215 | @aXV, 268页@c图@d24cm | |
| 300 | @a国家出版基金项目国之重器出版工程网络强国建设物联网在中国 | |
| 312 | @a英文并列题名取自封面 | |
| 330 | @a本书共分7章。第1章介绍全球卫星导航系统;第2章分别介绍物联网架构、信息传输协议、边缘组网、传感器及与互联网间的关系;第3章介绍信息安全与大数据;第4章简述从北斗服务基础设施建设到行业应用;第5章介绍“北斗+物联网”与行业赋能;第6章介绍“北斗+物联网”与行业变革;第7章对北斗系统创新到北斗应用创新、时空信息与万物互联的协同发展并结合人工智能视角下的北斗时空智联进行展望。 | |
| 510 | 1 | @aInternet of things and Beidou's application@zeng |
| 606 | 0 | @a互联网络@Ahu lian wang lao@x应用 |
| 606 | 0 | @a智能技术@Azhi neng ji shu@x应用 |
| 606 | 0 | @a卫星导航@Awei xing dao hang@x全球定位系统 |
| 690 | @aTP393.409@v5 | |
| 690 | @aTP18@v5 | |
| 701 | 0 | @a王博@Awang bo@4编著 |
| 701 | 0 | @a刘向升@Aliu xiang sheng@4编著 |
| 701 | 0 | @a张存杰@Azhang cun jie@4编著 |
| 905 | @a河南城建学院图书馆@dTP393.409@eW116 | |
| 物联网与北斗应用/王博, 刘向升, 张存杰编著.-北京:电子工业出版社,2020.04(2022.06) |
| XV, 268页:图;24cm |
| 国家出版基金项目国之重器出版工程网络强国建设物联网在中国 |
| ISBN 978-7-121-38547-6:CNY99.00 |
| 本书共分7章。第1章介绍全球卫星导航系统;第2章分别介绍物联网架构、信息传输协议、边缘组网、传感器及与互联网间的关系;第3章介绍信息安全与大数据;第4章简述从北斗服务基础设施建设到行业应用;第5章介绍“北斗+物联网”与行业赋能;第6章介绍“北斗+物联网”与行业变革;第7章对北斗系统创新到北斗应用创新、时空信息与万物互联的协同发展并结合人工智能视角下的北斗时空智联进行展望。 |
| ● |
| 相关链接 |
|
|
|
正题名:物联网与北斗应用
索取号:TP393.409/W116
 
预约/预借
| 序号 | 登录号 | 条形码 | 馆藏地/架位号 | 状态 | 备注 |
| 1 | 1589459 | 215894593 | 自科库301/301自科库 135排2列6层/ [索取号:TP393.409/W116] | 在馆 | |
| 2 | 1589460 | 215894600 | 自科库301/301自科库 135排2列6层/ [索取号:TP393.409/W116] | 在馆 |